<?xml version="1.0" encoding="UTF-8"?>
<collection xmlns="http://www.loc.gov/MARC21/slim">
 <record>
  <leader>01268naa a2200205 i 4500</leader>
  <controlfield tag="001">publ7733</controlfield>
  <controlfield tag="005">20190923172823.0</controlfield>
  <controlfield tag="008">160824s2010    hu      o     0||   zxx d</controlfield>
  <datafield tag="020" ind1=" " ind2=" ">
   <subfield code="a">978-1-932432-70-1</subfield>
  </datafield>
  <datafield tag="024" ind1="7" ind2=" ">
   <subfield code="a">1437539</subfield>
   <subfield code="2">mtmt</subfield>
  </datafield>
  <datafield tag="040" ind1=" " ind2=" ">
   <subfield code="a">SZTE Publicatio Repozitórium</subfield>
   <subfield code="b">hun</subfield>
  </datafield>
  <datafield tag="041" ind1=" " ind2=" ">
   <subfield code="a">zxx</subfield>
  </datafield>
  <datafield tag="100" ind1="1" ind2=" ">
   <subfield code="a">Berend Gábor</subfield>
  </datafield>
  <datafield tag="245" ind1="1" ind2="0">
   <subfield code="a">SZTERGAK </subfield>
   <subfield code="h">[elektronikus dokumentum] :</subfield>
   <subfield code="b">Feature Engineering for Keyphrase Extraction /</subfield>
   <subfield code="c"> Berend Gábor</subfield>
  </datafield>
  <datafield tag="260" ind1=" " ind2=" ">
   <subfield code="a">ACL</subfield>
   <subfield code="b">Cambridge MA</subfield>
   <subfield code="c">2010</subfield>
  </datafield>
  <datafield tag="300" ind1=" " ind2=" ">
   <subfield code="a">186-189</subfield>
  </datafield>
  <datafield tag="490" ind1="0" ind2=" ">
   <subfield code="a">Proceedings of SemEval-2010</subfield>
  </datafield>
  <datafield tag="520" ind1="3" ind2=" ">
   <subfield code="a">Automatically assigning keyphrases to documents has a great variety of applications. Here we focus on the keyphrase extraction of scientific publications and present a novel set of features for the supervised learning of keyphraseness. Although these features are intended for extracting keyphrases from scientific papers, because of their generality and robustness, they should have uses in other domains as well. With the help of these features SZTERGAK achieved top results on the SemEval-2 shared task on Automatic Keyphrase Extraction from Scientific Articles and exceeded its baseline by 10%.</subfield>
  </datafield>
  <datafield tag="700" ind1="0" ind2="1">
   <subfield code="a">Farkas Richárd</subfield>
   <subfield code="e">aut</subfield>
  </datafield>
  <datafield tag="856" ind1="4" ind2="0">
   <subfield code="u">http://publicatio.bibl.u-szeged.hu/7733/1/S10_1040_u.pdf</subfield>
   <subfield code="z">Dokumentum-elérés </subfield>
  </datafield>
 </record>
</collection>
